Ode to frontline formations : (Record no. 170196)
[ view plain ]
| 000 -LEADER | |
|---|---|
| fixed length control field | 00599nam a22001697a 4500 |
| 005 - DATE AND TIME OF LATEST TRANSACTION | |
| control field | 20191212102503.0 |
| 010 ## - LCCN (DPL NO) | |
| LC control number | ENG-127088 |
| 020 ## - INTERNATIONAL STANDARD BOOK NUMBER | |
| Terms of availability | 400.00 |
| International Standard Book Number | 9788192613222 |
| 035 ## - SYSTEM CONTROL NUMBER | |
| System control number | EN-110620 |
| 037 ## - SOURCE OF ACQUISITION | |
| Source of stock number/acquisition | DBAD/PUB |
| 082 ## - DEWEY DECIMAL CLASSIFICATION NUMBER | |
| Classification number | 881 |
| 245 ## - TITLE STATEMENT | |
| Title | Ode to frontline formations : |
| Statement of responsibility, etc | ed.by Damodar Rao |
| Remainder of title | Telangana movement poetry 2000-2001 / |
| 260 ## - PUBLICATION, DISTRIBUTION, ETC. (IMPRINT) | |
| Place of publication, distribution, etc | Hyderabad |
| Name of publisher, distributor, etc | Telangana Sahitya Samakhya |
| Date of publication, distribution, etc | 2013 |
| 270 ## - ADDRESS | |
| Address | Plot No. 1, Road No. 7, Madhura Nagar, Fattula Guda |
| City | Bandla Guda GSI Post, Hyderabad |
| Postal code | 500068 |
| Telephone number | 9052203843 |
| 300 ## - PHYSICAL DESCRIPTION | |
| Extent | xlv;259p. |
| Dimensions | 20cm(pbk) |
| 942 ## - ADDED ENTRY ELEMENTS (KOHA) | |
| Source of classification or shelving scheme | Dewey Decimal Classification |
| Item type | English Books |
| Classification part | 881 |
| Call number suffix | ODE |
| Withdrawn status | Lost status | Not for loan | Collection code | Home library | Current library | Date acquired | Source of acquisition | Cost, normal purchase price | Full call number | Barcode | Copy number | Cost, replacement price | Koha item type |
|---|---|---|---|---|---|---|---|---|---|---|---|---|---|
| Non-fiction | Sarojini Nagar | Sarojini Nagar | 12/12/2019 | DBAD/PUB | 400.00 | 881 ODE | EN-110620 | 1 | 400.00 | English Books |
